| 000 | 00445nam a2200193Ia 4500 | ||
|---|---|---|---|
| 005 | 20240823023633.0 | ||
| 008 | 240823s9999||||xx |||||||||||||| ||und|| | ||
| 020 | _a818382-181-2 | ||
| 041 | _aENGLISH | ||
| 082 | _A425.P8 | ||
| 100 | _aSuryakumar | ||
| 245 | 0 | _aCommon Mistakes in English | |
| 250 | _aIst | ||
| 260 |
_c2008 _bLocus |
||
| 500 | _aYES | ||
| 650 |
_aCommon Mistakes in English _bEnglish |
||
| 942 | _cBK | ||
| 999 |
_c182017 _d182017 |
||